书目信息 |
| 题名: |
农田沙害的治理
|
|
| 作者: | ;中国科学院兰州冰川冻土沙漠研究所沙漠研究室 编著 | |
| 分册: | ||
| 出版信息: | 北京 科学出版社 1977 |
|
| 页数: | 169页 | |
| 开本: | 19cm | |
| 丛书名: | 农村科学试验丛书 | |
| 单 册: | ||
| 中图分类: | S156.5 | |
| 科图分类: | ||
| 主题词: | 砂土-土壤改良 , 土壤改良-砂土 | |
| 电子资源: | ||
| ISBN: | 13031.622 | |
| 000 | 00860oam2 2200265 450 | |
| 001 | 0177002405 | |
| 005 | 20100712215253.0 | |
| 010 | @a13031.622@dCNY0.45 | |
| 091 | @a13031.622 | |
| 100 | @a19951014d1977 em y0chiy0110 ea | |
| 101 | 0 | @achi |
| 102 | @aCN@b110000 | |
| 105 | @ay z 000yy | |
| 106 | @ar | |
| 200 | 1 | @a农田沙害的治理@9Nong Tian Sha Hai De;Di Zhi Li @f中国科学院兰州冰川冻土沙漠研究所沙漠研究室编著 |
| 210 | @a北京@c科学出版社@d1977 | |
| 215 | @a169页@d19cm | |
| 225 | 2 | @a农村科学试验丛书 |
| 461 | 0 | @12001 @a农村科学试验丛书 |
| 606 | 0 | @a砂土-土壤改良 |
| 606 | 0 | @a土壤改良-砂土 |
| 690 | @aS156.5@v3 | |
| 711 | 02 | @a中国科学院兰州冰川冻土沙漠研究所沙漠研究室@9zhong guo ke xue yuan lan zhou bing chuan dong tu sha mo yan jiu suo sha mo yan jiu shi@4编著 |
| 801 | 0 | @aCN@bAzMarc@c20130904 |
| 905 | @aBZT@dS156.5@e1@f5@sS156.5/1 | |
| 农田沙害的治理/中国科学院兰州冰川冻土沙漠研究所沙漠研究室编著.-北京:科学出版社,1977 |
| 169页;19cm.-(农村科学试验丛书) |
| ISBN 13031.622:CNY0.45 |
| ● |
| 相关链接 |
|
|
|
正题名:农田沙害的治理
索取号:S156.5/1
 
预约/预借
| 序号 | 登录号 | 条形码 | 馆藏地/架位号 | 状态 | 备注 |
| 1 | 2000108300 | 2000108300 | 旧书回溯/ [索取号:S156.5/1] | 在馆 | |
| 2 | 2000108301 | 2000108301 | 旧书回溯/ [索取号:S156.5/1] | 在馆 | |
| 3 | 2000108302 | 2000108302 | 旧书回溯/ [索取号:S156.5/1] | 在馆 | |
| 4 | 2000108303 | 2000108303 | 旧书回溯/ [索取号:S156.5/1] | 在馆 | |
| 5 | 2000108333 | 2000108333 | 旧书回溯/ [索取号:S156.5/1] | 在馆 |